000 00384nam a2200145Ia 4500
008 210210b1995 xxu||||| |||| 00| 0 eng d
082 _a398.092K AMBV
100 _aAMBALIKE HIRIYANNA.
245 _aVlajimir Je Prap.
260 _aBengaluru
_bKarnataka Janapada mattu Yakshagana Akademi.,
_c1995
300 _a71
650 _aYakshagana
690 _aBiography
906 _aSG04188
999 _c114636
_d114636